000 00203nam a2200085Ia 4500
008 180219s9999 xx 000 0 und d
100 _aSharma R A
245 0 _aEssential Of Instricational Techology
260 _aR Lal
260 _c2014
999 _c42407
_d42407